fundamentals of corporate finance / (Record no. 109776)

MARC details
000 -الفاتح
عناصر البيانات ثابتة الطول 00697cam a2200229 i 4500
005 - تاريخ ووقت آخر معاملة
حقل ضبط 20260224121743.0
008 - عناصر البيانات ثابتة الطول
عناصر البيانات ثابتة الطول 250721s2000 xxua gr 000 0 eng d
020 ## - الترقيم الدولي المعياري للكتب (ردمك)
الترقيم الدولي المعياري للكتب (ردمك) 007319372
082 14 - رقم تصنيف ديوي العشري
رقم التصنيف 658.15
رقم المادة R O S
100 1# - مدخل رئيسي – اسم شخصي
الاسم الشخصي ross, stephen A
علاقة الشخص بالعمل/ دوره Editor.
245 10 - بيان العنوان
العنوان fundamentals of corporate finance /
بيان المسؤولية Stephen A. Ross, Randolph Westerfield, Bradford D. Jordan
250 ## - بيان الطبعة
بيان الطبعة fifth edition.
264 31 - بيانات النشر، التوزيع…إلخ
مكان النشر، التوزيع...إلخ new york :
اسم الناشر، الموزع...إلخ irwin mcgraw hill,
تاريخ النشر، التوزيع...إلخ 2000.
300 ## - الوصف المادي
عدد الوحدات المكونة للوعاء 799 page.
500 ## - ملاحظات عامة
ملاحظات عامة include index
650 17 - مدخل إضافي بالموضوع - مصطلح موضوعي
مصطلح موضوعي أو اسم جغرافي كعنصر مدخل CORPORATIONS.
650 17 - مدخل إضافي بالموضوع - مصطلح موضوعي
مصطلح موضوعي أو اسم جغرافي كعنصر مدخل FINANCE.
700 1# - مدخل إضافي - اسم شخصي
الاسم الشخصي westerfield, randolph w
علاقة الشخص بالعمل/ دوره editor
700 1# - مدخل إضافي - اسم شخصي
الاسم الشخصي jordan, bradford D
علاقة الشخص بالعمل/ دوره editor
942 ## - بيانات إضافية (كوها)
نوع التنصيف Dewey Decimal Classification
نوع المادة (كوها) Books
Holdings
حالة السحب حالة الفقدان مصدر التصنيف حالة التلف غير قابل للإعارة المكتبة الرئيسية المكتبة الحالية موقع الرف تاريخ التزويد رقم المخزون Total Checkouts رقم الإستدعاء الباركود تاريخ آخر ظهور تاريخ الفاتورة نوع المادة (كوها)
    Dewey Decimal Classification     المكتبة المركزية المكتبة المركزية الإعارة 28/07/2025 1143481   658.15 / r o s 1143481 28/07/2025 28/07/2025 Books
Implemented & Customized by: BBB with SCIT (Smart Chains for Information Technology)

Powered by Koha